000 00737nam a22002657a 4500
001 124686
003 UA-OsUOA
005 20220420212507.0
007 ta
008 20170822b un ||||| |||| 00| 0 ukr d
020 _a9665641816
040 _aUA-OsUOA
_bukr
_cUA-OsUOA
_dUA-OsUOA
041 _aukr
080 _a821.161.2
090 _a821.161.2
_bН84
100 _aНосань С.
245 _aПір'я
_bвибрана іронічна проза в 15-ти томах
260 _aЧеркаси
_bСіяч
_c2000
300 _a28 с.
505 _gТ. 7
650 7 _a821 Художня література
_2UDC
942 _cBK
_2udc
955 _a3
999 _c411823
_d411823